Actas literales (Record no. 133283)

MARC details
000 -CABECERA
campo de control de longitud fija 00570nam a2200205 a 4500
005 - FECHA Y HORA DE LA ÚLTIMA TRANSACCIÓN
campo de control 20210219160222.0
008 - ELEMENTOS DE LONGITUD FIJA--INFORMACIÓN GENERAL
campo de control de longitud fija 080926s2000 mx r 000 0 spa d
020 ## - NÚMERO INTERNACIONAL NORMALIZADO PARA LIBROS
Número Internacional Estándar del Libro 9230016209.
035 ## - NÚMERO DE CONTROL DEL SISTEMA
Número de control de sistema UPN01000161170
049 ## - COLECCIÓN
Colección UNE
080 ## - NÚMERO DE CLASIFICACIÓN DECIMAL UNIVERSAL
Número de la Clasificación Decimal Universal DO 341.16: 001 (093.2) 1976ACT 19a.
110 2# - ASIENTO PRINCIPAL--NOMBRE CORPORATIVO
Nombre de entidad corporativa o nombre de jurisdicción como elemento de entrada UNESCO. Conferencia General, 19a.; 1976 : Nairobi.
245 10 - MENCIÓN DE TÍTULO
Título Actas literales
250 ## - MENCIÓN DE EDICIÓN
Mención de edición Vol. 2, Tomo 2.
260 ## - PUBLICACIÓN, DISTRIBUCIÓN, ETC.
Lugar de publicación, distribución, etc. París : UNESCO, 1978.
300 ## - DESCRIPCIÓN FÍSICA
Extensión 538 p. ;
690 ## - PUNTO DE ACCESO ADICIONAL DE MATERIA LOCAL--TÉRMINO DE MATERIA (OCLC, RLIN)
Término de materia o nombre geográfico como elemento inicial Acuerdos- Conferencia General de la UNESCO
710 2# - ASIENTO SECUNDARIO - NOMBRE CORPORATIVO
Nombre de entidad corporativa o nombre de jurisdicción como elemento de entrada UNESCO
905 ## - TIPO DE MATERIAL
Tipo de material UNESCO

No items available.